| 000 | 00473nmm a2200157Ia 4500 | ||
|---|---|---|---|
| 008 | 251105s9999||||xx |||||||||||||||||und|| | ||
| 020 | _a9788416110872 | ||
| 041 | _aspa | ||
| 100 | _aCarretero Casar, Mª Ángeles | ||
| 245 | 0 | _aLa naturaleza sagrada del ser humano | |
| 264 |
_a[Madrid, España] : _bExLibric, _c2016 |
||
| 300 | _a281 páginas | ||
| 650 | _aSelf-help and personal development | ||
| 856 | _uhttps://public.digitaliapublishing.com/a/85392 | ||
| 942 | _cCF | ||
| 999 |
_c77276 _d77276 |
||